| 000 | 01163cam a22003135a 4500 | ||
|---|---|---|---|
| 001 | 15409198 | ||
| 005 | 20201128023826.0 | ||
| 008 | 080812t2008 gw a fr 001 0 eng d | ||
| 020 | _a9783540323495 | ||
| 040 |
_aUKM _cUKM _dIWA _dVGM _dDLC _dEG-ScBUE _beng |
||
| 041 | 1 |
_aeng _hger |
|
| 082 | 0 | 4 |
_a658.4013 _222 _bSIX |
| 245 | 0 | 0 |
_aSix Sigma+Lean toolset : _bexecuting improvement projects successfully / _c[editor] Stephan Lunau ... [et al.] ; translated by Astrid Schmitz. |
| 246 | 3 | _aSix Sigma plus Lean toolset | |
| 260 |
_aBerlin : _bSpringer-Verlag, _cc.2008. |
||
| 300 |
_aviii, 315 p. : _bill. ; _c24 cm. |
||
| 500 | _aIndex : p. 296-313. | ||
| 541 | _aText in English ; translated from German. | ||
| 650 | 7 |
_aSix sigma (Quality control standard) _2BUEsh _94820 |
|
| 650 | 7 |
_aTotal quality management. _2BUEsh _92364 |
|
| 650 | 0 |
_aQuality control _xStatistical methods. _2BUEsh _910054 |
|
| 650 | 7 |
_aProduction management. _2BUEsh _91855 |
|
| 650 | 7 |
_aOrganizational effectiveness. _2BUEsh _9891 |
|
| 651 | _2BUEsh | ||
| 653 |
_bENGCIV _cSeptember2016 |
||
| 700 | 1 |
_aLunau, Stephan. _eeditor. |
|
| 700 | 1 |
_aSchmitz, Astrid, _etranslator. |
|
| 942 | _2ddc | ||
| 999 |
_c22316 _d22288 |
||